JUDr. Ján Jamnický - spoveď režiséra. (Dokumenty)

Bibliographic Details
Other Authors: Sládeček, Ján (Compiler)
Format: Book
Language:Slovak
PhysicalDescription:379 s. fotogr. 20 cm
Published: Bratislava Národné divadelné centrum 1998
ISBN:8085455609
Subjects:

MARC

LEADER 00000nam a2200000 a 4500
001 vtls001347758
003 SK-MaSNL
005 20260331203601.0
008 160610s1998 xo ad rb 00000bslo
015 |a SNBA1999/02-00481 
020 |a 8085455609 
035 |a SNK000301026 
035 |a urn:nbn:sk:snk-amkqff 
035 |a urn:nbn:sk:snk-am005bh5 
035 |a 73B0C63A-5FCE-41CF-AD8F-77C2A9C33964 
040 |a SNK  |b slo  |c SNK  |e AACR2 
041 0 |a slo  |b eng 
044 |a xo  |c SK 
080 |a 792.071.2  |2 1981 
080 |a 929 Jamnický, Ján  |2 1981 
100 1 |a Sládeček, Ján  |4 com  |9 283273 
245 1 0 |a JUDr. Ján Jamnický - spoveď režiséra. (Dokumenty)  |c [autor publikácie: Ján Sládeček] 
260 |a Bratislava  |b Národné divadelné centrum  |c 1998 
300 |a 379 s.  |b fotogr.  |c 20 cm 
500 |a Údaj o aut. prevzatý z rubu tit. strany 
500 |a 500 výt. 
504 |a Men. reg. Vysvetl. 
546 |a Res. ang. 
600 1 7 |a Jamnický, Ján,  |d 1908-1972  |2 SNKMA  |9 170064 
655 7 |a biografie  |2 SNK  |9 27965 
919 |a 80-85455-60-9 
958 |a BX 
999 |c 633765  |d 635695 
952 |t P60, <03>, [BOOK], {603}  |a SNK  |b SNK  |y PREZ  |7 0  |p 17A0168303  |o snkSD 69649  |i snkKSP 10321/98  |0 0  |1 0  |4 0  |d 1998-11-11  |l 0  |r 2005-01-02 00:00:00  |w 2026-02-23 
952 |a SNK  |b SNK  |y VYP  |7 0  |p 17A0168304  |o snkSD 69649 D1  |i snkKSP 10322/98  |3 Obliata 18. 10. 2021  |0 0  |1 0  |4 0  |d 1998-11-11  |l 0  |r 2005-01-02 00:00:00  |w 2026-02-23